[Event "Dortmund Sparkassen op-A 44th"]
[Site "Dortmund"]
[Date "2016.07.12"]
[Round "4"]
[White "Pajeken, Wolfgang"]
[Black "Eckardt, Joshua"]
[Result "1-0"]
[WhiteElo "2289"]
[BlackElo "2133"]
[PlyCount "125"]
[EventDate "2016.07.09"]
[EventType "swiss"]
[EventRounds "9"]
[EventCountry "GER"]
[SourceTitle "CBM 173 Extra"]
[Source "ChessBase"]
[SourceDate "2016.08.29"]
[SourceVersion "1"]
[SourceVersionDate "2016.08.29"]
[SourceQuality "1"]

1. Nf3 Nf6 2. c4 c5 3. Nc3 d5 4. cxd5 Nxd5 5. e4 Nb4 6. Bc4 Nd3+ 7. Ke2 Nf4+ 8. Kf1 Nd3 9. Ng5 e6 10. Nxf7 Qd4 11. Bb5+ Nc6 12. Qf3 Qxf2+ 13. Qxf2 Nxf2 14. Nxh8 Nxh1 15. Kg1 Bd7 16. d3 Nf2 17. Kxf2 Bd6 18. Be3 0-0-0 19. Ng6 hxg6 20. h3 b6 21. a3 Be5 22. Ke2 Rf8 23. Rf1 Rxf1 24. Kxf1 Kb7 25. Kf2 a6 26. Ba4 b5 27. Bd1 Nd4 28. Bc1 Kb6 29. Ne2 Nxe2 30. Bxe2 Bd4+ 31. Ke1 a5 32. Kd1 b4 33. Kc2 e5 34. Bg5 Kb5 35. Kb1 Be6 36. Bd8 a4 37. Be7 b3 38. Bf8 c4 39. dxc4+ Bxc4 40. Bf3 Bd3+ 41. Ka1 Kc4 42. Bxg7 Bc2 43. Be2+ Bd3 44. Bf3 Bf1 45. h4 Kd3 46. Kb1 Be2 47. Bxe2+ Kxe2 48. g4 Kf3 49. h5 gxh5 50. gxh5 Be3 51. h6 Bxh6 52. Bxh6 Kxe4 53. Kc1 Kd3 54. Kd1 e4 55. Ke1 Kc2 56. Bg7 Kd3 57. Kd1 Ke3 58. Bh6+ Kd3 59. Bg5 e3 60. Ke1 e2 61. Bf6 Ke3 62. Bc3 Kf3 63. Bf6 1-0

[Event "Paderborn op 12th"]
[Site "Paderborn"]
[Date "2015.12.29"]
[Round "5"]
[White "Eckardt, Joshua"]
[Black "Hilverda, Alexander"]
[Result "1-0"]
[WhiteElo "2116"]
[BlackElo "2389"]
[PlyCount "65"]
[EventDate "2015.12.27"]
[EventType "swiss"]
[EventRounds "7"]
[EventCountry "GER"]
[SourceTitle "CBM 170 Extra"]
[Source "ChessBase"]
[SourceDate "2016.02.25"]
[SourceVersion "1"]
[SourceVersionDate "2016.02.25"]
[SourceQuality "1"]

1. d4 Nf6 2. c4 e6 3. g3 c5 4. d5 exd5 5. cxd5 b5 6. e4 Nxe4 7. Qe2 Qe7 8. Bg2 Nd6 9. Be3 Na6 10. Nh3 g6 11. 0-0 Bg7 12. Nc3 0-0 13. Nxb5 Bb7 14. Rfe1 Rfe8 15. Qf1 Qf8 16. Bf4 Rxe1 17. Rxe1 Nf5 18. g4 Nh4 19. Bh1 Nb4 20. Bg3 g5 21. Nxg5 Ng6 22. Nd6 Ba6 23. Qh3 h6 24. Ngxf7 Nd3 25. Qh5 Nh8 26. Nxh8 Nxe1 27. Nhf7 Qe7 28. Bh4 Nf3+ 29. Bxf3 Qe1+ 30. Kg2 Bf1+ 31. Kg3 Rf8 32. Qg6 Qc1 33. Bf6 1-0

[Event "Paderborn op 12th"]
[Site "Paderborn"]
[Date "2015.12.29"]
[Round "6"]
[White "Teske, Henrik"]
[Black "Eckardt, Joshua"]
[Result "1-0"]
[WhiteElo "2461"]
[BlackElo "2116"]
[PlyCount "57"]
[EventDate "2015.12.27"]
[EventType "swiss"]
[EventRounds "7"]
[EventCountry "GER"]
[SourceTitle "CBM 170 Extra"]
[Source "ChessBase"]
[SourceDate "2016.02.25"]
[SourceVersion "1"]
[SourceVersionDate "2016.02.25"]
[SourceQuality "1"]

1. Nf3 Nf6 2. c4 c5 3. Nc3 d5 4. cxd5 Nxd5 5. g3 g6 6. Bg2 Bg7 7. 0-0 0-0 8. Nxd5 Qxd5 9. d3 Nc6 10. Be3 Qd6 11. Rc1 Nd4 12. Nd2 Be6 13. Ne4 Qb6 14. Nxc5 Qxb2 15. Bxd4 Bxd4 16. Nxe6 fxe6 17. e3 Bf6 18. Qa4 Rac8 19. Rxc8 Rxc8 20. Qd7 Rc1 21. Qxe6+ Kg7 22. d4 Rxf1+ 23. Bxf1 a5 24. a4 Qc2 25. Qd7 Qc6 26. Qxc6 bxc6 27. Bg2 e5 28. dxe5 Bxe5 29. f4 1-0

[Event "Oberliga NRW 1415"]
[Site "Germany"]
[Date "2014.10.05"]
[Round "2.6"]
[White "Eckardt, Joshua"]
[Black "Hirsch, Stefan"]
[Result "1/2-1/2"]
[WhiteElo "2060"]
[BlackElo "2226"]
[PlyCount "64"]
[EventDate "2014.09.14"]
[EventType "team-tourn"]
[EventRounds "9"]
[EventCountry "GER"]
[SourceTitle "EXT 2017"]
[Source "ChessBase"]
[SourceDate "2016.10.25"]
[SourceVersion "1"]
[SourceVersionDate "2016.10.25"]
[SourceQuality "1"]
[WhiteTeam "Lieme"]
[BlackTeam "Wattenscheid"]
[WhiteTeamCountry "GER"]
[BlackTeamCountry "GER"]

1. Nf3 Nf6 2. c4 g6 3. Nc3 Bg7 4. d4 d6 5. g3 0-0 6. Bg2 Nbd7 7. 0-0 e5 8. e4 exd4 9. Nxd4 a6 10. Rb1 Rb8 11. h3 Re8 12. Re1 Ne5 13. b3 Nfd7 14. Be3 Nc5 15. Re2 Bd7 16. Qc2 Ne6 17. Nxe6 Bxe6 18. Rd1 Qc8 19. Kh2 Nc6 20. Nd5 a5 21. Qd2 Ra8 22. Bg5 Bxd5 23. cxd5 Nb4 24. a3 Na6 25. Qxa5 Nc5 26. Qb4 Ra6 27. Be3 Rb6 28. Qc4 Rxb3 29. Rc1 b5 30. Qc2 Rxa3 31. Bxc5 Rc3 32. Qb1 Rxc5 1/2-1/2

[Event "Werther Schloss op 20th"]
[Site "Werther"]
[Date "2014.04.13"]
[Round "7"]
[White "Teske, Henrik"]
[Black "Eckardt, Joshua"]
[Result "1-0"]
[WhiteElo "2521"]
[BlackElo "2047"]
[PlyCount "61"]
[EventDate "2014.04.10"]
[EventType "swiss"]
[EventRounds "7"]
[EventCountry "GER"]
[SourceTitle "CBM 159 Extra"]
[Source "ChessBase"]
[SourceDate "2014.04.24"]
[SourceVersion "1"]
[SourceVersionDate "2014.04.24"]
[SourceQuality "1"]

1. Nf3 Nf6 2. g3 d5 3. Bg2 e6 4. 0-0 Be7 5. c4 0-0 6. d4 c6 7. Nc3 b6 8. Bf4 Bb7 9. Rc1 Nbd7 10. cxd5 Nxd5 11. Nxd5 exd5 12. Qc2 Re8 13. Rfd1 Bf6 14. h4 Qe7 15. e3 Nf8 16. a3 Ne6 17. Be5 Bxe5 18. Nxe5 Rec8 19. Qf5 g6 20. Qg4 f6 21. Bh3 Nf8 22. Nd3 c5 23. dxc5 bxc5 24. b4 f5 25. Qf4 cxb4 26. axb4 Ba6 27. Nc5 Bc4 28. Bg2 Rab8 29. Bxd5+ Bxd5 30. Rxd5 a5 31. bxa5 1-0

[Event "NRW Class1 1314"]
[Site "Germany"]
[Date "2013.10.06"]
[Round "2.3"]
[White "Essing, Arnold"]
[Black "Eckardt, Joshua"]
[Result "1-0"]
[WhiteElo "2160"]
[BlackElo "2039"]
[PlyCount "97"]
[EventDate "2013.09.15"]
[EventType "team-tourn"]
[EventRounds "9"]
[EventCountry "GER"]
[SourceTitle "EXT 2015"]
[Source "ChessBase"]
[SourceDate "2014.11.20"]
[SourceVersion "1"]
[SourceVersionDate "2014.11.20"]
[SourceQuality "1"]
[WhiteTeam "Lieme"]
[BlackTeam "Iserlohn Koenigsspringer"]
[WhiteTeamCountry "GER"]
[BlackTeamCountry "GER"]

1. d4 Nf6 2. Nf3 e6 3. Bg5 h6 4. Bxf6 Qxf6 5. e3 b6 6. Bd3 Bb7 7. 0-0 d6 8. c4 Nd7 9. Nc3 g6 10. Be4 Bxe4 11. Nxe4 Qe7 12. Qa4 f5 13. Qc6 Rc8 14. Nc3 Kf7 15. Nb5 Nb8 16. Qb7 Bg7 17. Nxa7 Rcd8 18. Nc6 Nxc6 19. Qxc6 Qd7 20. Qxd7+ Rxd7 21. Rfd1 Ra8 22. a4 Ke7 23. b3 c5 24. Rac1 Bf6 25. Kf1 Ra5 26. Rc2 Raa7 27. Ke2 e5 28. dxe5 dxe5 29. Rxd7+ Rxd7 30. Rd2 e4 31. Rxd7+ Kxd7 32. Nd2 Ke6 33. Nb1 g5 34. Kd2 f4 35. Nc3 fxe3+ 36. fxe3 Kf5 37. Nd5 Bd8 38. Ke2 h5 39. Kf2 Ke5 40. h3 Kf5 41. Ke2 g4 42. Kf2 gxh3 43. gxh3 Kg5 44. Kg3 Kf5 45. Kg2 Kg5 46. Nf4 Be7 47. Ne2 Kh4 48. Ng3 Bf8 49. Nxe4 1-0

[Event "Dortmund Sparkassen op-A"]
[Site "Dortmund"]
[Date "2013.08.04"]
[Round "9"]
[White "Eckardt, Joshua"]
[Black "Plassmann, Dominik"]
[Result "1/2-1/2"]
[WhiteElo "2023"]
[BlackElo "2078"]
[PlyCount "93"]
[EventDate "2013.07.27"]
[EventType "swiss"]
[EventRounds "9"]
[EventCountry "GER"]
[SourceTitle "CBM 155 Extra"]
[Source "ChessBase"]
[SourceDate "2013.08.26"]
[SourceVersion "1"]
[SourceVersionDate "2013.08.26"]
[SourceQuality "1"]

1. d4 Nf6 2. c4 g6 3. Nc3 Bg7 4. e4 d6 5. Nf3 0-0 6. Be2 e5 7. 0-0 Nc6 8. d5 Ne7 9. b4 Nh5 10. Re1 f5 11. Ng5 Nf6 12. Bf3 f4 13. Qb3 h6 14. Ne6 Bxe6 15. dxe6 g5 16. Nd5 Nexd5 17. exd5 g4 18. Be4 Qe8 19. Qd3 Qh5 20. Bg6 Qg5 21. e7 Rfe8 22. Bxe8 Rxe8 23. Bb2 Rxe7 24. c5 e4 25. Qb3 Qxd5 26. Bxf6 Qxb3 27. axb3 Bxf6 28. Rxa7 Bc3 29. cxd6 cxd6 30. Rc1 Bxb4 31. Rc8+ Kf7 32. Rb8 Bc5 33. Raxb7 g3 34. hxg3 fxg3 35. Kf1 gxf2 36. b4 Bd4 37. b5 e3 38. Rxe7+ Kxe7 39. Rb7+ Ke6 40. Rh7 Kd5 41. Rxh6 Be5 42. Ke2 Kc4 43. Rh3 Bd4 44. Rh4 Kc3 45. Rxd4 Kxd4 46. b6 Kc3 47. b7 1/2-1/2

[Event "Dortmund Sparkassen op-A"]
[Site "Dortmund"]
[Date "2013.07.31"]
[Round "5"]
[White "Steinle, Carsten"]
[Black "Eckardt, Joshua"]
[Result "1/2-1/2"]
[WhiteElo "2229"]
[BlackElo "2023"]
[PlyCount "140"]
[EventDate "2013.07.27"]
[EventType "swiss"]
[EventRounds "9"]
[EventCountry "GER"]
[SourceTitle "CBM 155 Extra"]
[Source "ChessBase"]
[SourceDate "2013.08.26"]
[SourceVersion "1"]
[SourceVersionDate "2013.08.26"]
[SourceQuality "1"]

1. d4 Nf6 2. Bf4 e6 3. e3 b6 4. Bd3 Bb7 5. Nf3 Be7 6. Nbd2 c5 7. 0-0 cxd4 8. exd4 0-0 9. h3 d6 10. Re1 Nbd7 11. c4 d5 12. b3 Rc8 13. Qe2 Re8 14. Ne5 Nf8 15. Ndf3 Ne4 16. Rac1 Bb4 17. Red1 f6 18. cxd5 fxe5 19. Nxe5 exd5 20. Qh5 Qf6 21. Qg4 Ng6 22. Nxg6 Qxg6 23. Qd7 Qf7 24. Qg4 h5 25. Qf3 g5 26. Be5 Qxf3 27. gxf3 Nc3 28. Rf1 a6 29. Kg2 Nb5 30. Bf5 Rxc1 31. Rxc1 Nd6 32. Bg6 Rc8 33. Rg1 h4 34. Kh1 Nf7 35. Bxf7+ Kxf7 36. Rxg5 Rg8 37. Rh5 Be7 38. Rh7+ Ke8 39. Rh6 b5 40. Kh2 Kd7 41. f4 Rf8 42. Kg2 Bc6 43. Kf3 b4 44. Kg4 Bb5 45. f5 Rg8+ 46. Kf3 Rf8 47. Kf4 Bd3 48. f6 Bd6 49. Kg5 Bxe5 50. dxe5 Ke6 51. f4 d4 52. f7+ Kxf7 53. Rd6 Bb1 54. Rxd4 a5 55. f5 Ke7 56. f6+ Ke6 57. Kf4 Bxa2 58. Rd6+ Kf7 59. Rd7+ Kg6 60. Rg7+ Kh6 61. Ra7 Bxb3 62. Rxa5 Be6 63. Ra6 Bxh3 64. Rb6 Bg2 65. Rxb4 h3 66. Kf5 Kh5 67. Rb1 h2 68. e6 h1Q 69. Rxh1+ Bxh1 70. e7 Rxf6+ 1/2-1/2

[Event "NRW Class2 1213"]
[Site "Germany"]
[Date "2012.10.21"]
[Round "2.8"]
[White "Eckardt, Joshua"]
[Black "Goerke, Joachim"]
[Result "1-0"]
[WhiteElo "1960"]
[BlackElo "2008"]
[PlyCount "99"]
[EventDate "2012.09.16"]
[EventType "team-tourn"]
[EventRounds "9"]
[EventCountry "GER"]
[SourceTitle "EXT 2017"]
[Source "ChessBase"]
[SourceDate "2016.10.25"]
[SourceVersion "1"]
[SourceVersionDate "2016.10.25"]
[SourceQuality "1"]
[WhiteTeam "Iserlohn Koenigsspringer"]
[BlackTeam "Solingen III"]
[WhiteTeamCountry "GER"]
[BlackTeamCountry "GER"]

1. d4 d5 2. Nf3 c6 3. c4 e6 4. e3 f5 5. Bd3 Bd6 6. b3 Qe7 7. Bb2 Nf6 8. 0-0 0-0 9. Qc1 Nbd7 10. Ba3 c5 11. cxd5 Nxd5 12. Nbd2 b6 13. Nc4 Bb8 14. Nce5 Bxe5 15. Nxe5 Nxe5 16. dxe5 a5 17. e4 fxe4 18. Bxe4 Nf4 19. Qc2 Ra7 20. Bxh7+ Kh8 21. Bc1 Qg5 22. Bxf4 Qxf4 23. Rfe1 Raf7 24. f3 Qh6 25. Be4 Rd7 26. Rad1 Rfd8 27. Rxd7 Rxd7 28. Qc1 Qd2 29. a3 Ba6 30. f4 Qxc1 31. Rxc1 Rd4 32. Re1 Bd3 33. Bxd3 Rxd3 34. Rb1 Rd2 35. Rf1 g6 36. Rf3 Kg7 37. a4 Kf7 38. h4 Rd4 39. Kh2 Rb4 40. Kg3 c4 41. bxc4 Rxa4 42. Rc3 Ke7 43. Kg4 Rb4 44. Kg5 a4 45. g4 Rb3 46. Rc1 Rg3 47. Rb1 Rb3 48. Ra1 Rb4 49. Rc1 a3 50. Ra1 1-0

[Event "Lippe Cup A 9th"]
[Site "Lieme"]
[Date "2012.10.14"]
[Round "4"]
[White "Eckardt, Joshua"]
[Black "Buckels, Valentin"]
[Result "0-1"]
[WhiteElo "2046"]
[BlackElo "1829"]
[PlyCount "76"]
[EventDate "2012.10.12"]
[EventType "swiss"]
[EventRounds "5"]
[EventCountry "GER"]
[SourceTitle "EXT 2014"]
[Source "ChessBase"]
[SourceDate "2013.11.20"]
[SourceVersion "1"]
[SourceVersionDate "2013.11.20"]
[SourceQuality "1"]

1. d4 d5 2. c4 e6 3. Nf3 c5 4. cxd5 exd5 5. g3 Nc6 6. Bg2 Nf6 7. 0-0 Be7 8. Nc3 0-0 9. Bg5 c4 10. Ne5 Be6 11. Nxc6 bxc6 12. b3 cxb3 13. axb3 Bf5 14. h3 h6 15. Bf4 Re8 16. g4 Bg6 17. Ra6 Qc8 18. Ra4 Qb7 19. e3 Bb4 20. Qa1 a5 21. Rc1 Bd3 22. Ra2 Ne4 23. Nxe4 Bxe4 24. Bxe4 Rxe4 25. Rac2 Rc8 26. Qa4 Re6 27. Kg2 Qd7 28. Bh2 h5 29. g5 Be7 30. Qxa5 Bxg5 31. Bg1 Rg6 32. Kh2 Qd6+ 33. Kh1 Qe6 34. Kh2 Bf4+ 35. exf4 Qe4 36. f3 Qxf4+ 37. Kh1 Qxf3+ 38. Rg2 Qxg2# 0-1